000 00746nam a22002297a 4500
003 OSt
005 20251024050601.0
008 251021b |||||||| |||| 00| 0 eng d
020 _a0-89213-101-2.
040 _aDWCL-Main lib
_cOC
082 _aCirc. 294.55 Ac168s 1980
100 _aA. C. Bhaktivedanta Swani Prabhupada
245 _aThe science of self realization
260 _aLa. :
_bThe Bhaktivedanta Book Trust,
_cc1980.
300 _axxiii, 412 pages :
_billustration ;
_c18 cm.
504 _aIncludes index.
650 _21. Bhakti.
650 _22. Krishna (Hindu deity)-Spiritualistic interpretations.
650 _23. Self-actualization (Psychology).
650 _24. Spiritual life- Hinduism.
942 _2ddc
_cBK-CIRC
_kCirc.
_n0
999 _c4979
_d4979